Statystyki dla 15 najbardziej dotkniętych krajów Covid-19 - 22 maja

Kliknij tutaj aby rozwiązać quiz!

Ogólne statystyki

  • Ten quiz został rozwiązany 37 razy
  • Średni wynik to 14 z 25

Statystyki odpowiedzi

kraj% Poprawnych
Rosja
100%
Hiszpania
97%
Stany Zjednoczone
97%
Włochy
97%
Chiny
94%
Francja
94%
Niemcy
88%
Brazylia
84%
Indie
81%
Wielka Brytania
81%
Iran
66%
Kanada
66%
Szwecja
66%
Turcja
56%
Belgia
38%
Irlandia
38%
Szwajcaria
34%
Peru
31%
Arabia Saudyjska
28%
Białoruś
28%
Chile
28%
Katar
16%
Singapur
16%
Bahrajn
6%
Kuwejt
6%

Rozkład punktacji

Percentyl według liczby udzielonych odpowiedzi

Procent ludzi z każdym wynikiem

Twoja historia wyników

Nie rozwiązałeś tego quizu